000 00869nam a22002657a 4500
003 DO-SdBNP
005 20240719104456.0
008 180205b2008 sp a || 00| 0 spa d
020 _a9788431635466
040 _aBPMSU
_bspa
_cBPMSU
082 4 _a863.3
_bL431t 2008
_222
245 1 0 _aLazarillo de Tormes /
_cAnónimo ; edición y estudio de la obra Bienvenido Morros ; ilustración Rosario Valderrama
250 _a
260 _aBarcelona:
_bVicens Vives,
_c2008
_f
300 _a116, 36 p. :
_bil. ;
_c21 cm.
490 0 _aClásicos hispánicos,
_v 4
590 _aInventariado, 2024/VM
650 4 _aNovela española
650 4 _aNovela picaresca española
650 4 _aLiteratura española
700 1 _aMorros, Bienvenido
_eeditor
700 1 _aValderrama, Rosario
_eilustración
910 _aVMateo V. Control de calidad. BPMSU
942 _2ddc
_cBK
999 _c13268
_d13268